000 00823nam a22002417i 4500
005 20230307111401.0
008 181017b xxu||||| |||| 00| 0 eng d
040 _cURS
_beng
_erda
050 1 4 _aTX 714
_bR2438 2009
245 0 0 _aRecipes utilizing malunggay leaves powder and yacon tubers.
264 1 _aTaguig City :
_bFood and Nutrition Research Institute,
_c[date of publication not identified].
264 4 _ccopyright 2009
300 _a20 pages :
_bchiefly colour illustrations ;
_c22 cm
336 _2rdacontent
_atext
337 _2rdamedia
_aunmediated
338 _2rdacarrier
_avolume
500 _aTitle from cover
650 0 _aMoringa oleifera
650 0 _aYacon
655 7 _92093
_aRecipes
710 _aDepartment of Science and Technology
_bFood and Nutrition Research Institute
942 _2lcc
_cF
999 _c68483
_d68483